Bienvenue à la Médiathèque de Saint-Andiol
banniere
Accueil Recherche avancée Mon compte
handi1 Rechercher dans le catalogue

Filtre   Mots-clés
  Recherche avancée
 
Lister les dernières nouveautés
 
Lister les livres GROS CARACTERES
 
Lister les périodiques (magazines)

handi1 Kirikou et les hommes et les femmes

un film de Michel Ocelot

<< Retourner aux résultats de la recherche
Book Cover
Auteur principal : Michel Ocelot
Autres auteurs : Bénédicte Galup Susie Morgenstern
Titre : Kirikou et les hommes et les femmes
Support :
Langue : Francais
Publié : 2012 France Télévisions Distribution Paris
Genre : Dessin Animé
Sujets :
Étiquettes :
Pas de tags
LEADER 01342nlm0a2200229 450
001 16835933
010 |a 333-3297202749  |b Br.  |d 36,72 € 
100 |a 20141231d2012 u u0frey01 ba 
101 0 |a fre 
102 |a FR 
200 0 |a Kirikou et les hommes et les femmes  |e un film de Michel Ocelot  |f Michel Ocelot, Bénédicte Galup, Susie Morgenstern 
207 1 |a   
210 |a Paris  |c France Télévisions Distribution  |d 2012 
215 |a 1h25  |c DVD 9 - Coul. PAL - Audio  |d 1.77 - version 16/9 - comp. 4/3 cm 
300 |a Langues principales : français. - Droit de prêt et consultation. 
330 |a Il reste encore de beaux souvenirs de l'enfance de Kirikou à évoquer : comment grâce à sa bravoure et son intelligence, il est venu au secours de la femme forte, dont le toit de la case avait été détruit par Karaba ; par quelle astuce le petit héros a retrouvé le vieux grincheux, qui s'était égaré dans la savane, puis comment une griotte menacée par la sorcière a finalement pu transmettre son savoir aux habitants du village. 
700 0 |a Ocelot  |b Michel  |f 1943-....  |4 370 
701 0 |a Galup  |b Bénédicte  |4 690 
701 0 |a Morgenstern  |b Susie  |f 1945-....  |4 690 
900 |a Dessin Animé 
901 |a Jeunesse 
995 |a Médiathèque  |c Médiathèque  |f 089013720  |h 089013720  |k EA KIR  |o p  |q j  |r gf  |u N° du boîtier : 39  |e Médiathèque